|
|
|
|
| LEADER |
00000nab a2200000 a 4500 |
| 001 |
vtls000363805 |
| 003 |
SK-MaSNL |
| 005 |
20260304032458.0 |
| 008 |
230302c1989 xo 0 slo |
| 015 |
|
|
|a SNBRB19rr/mm-uuuuu
|
| 035 |
|
|
|a CL0363927
|
| 035 |
|
|
|a urn:nbn:sk:snk-aben2j
|
| 035 |
|
|
|a (urnnbn)urn:nbn:sk:snk:ar-0009q3
|
| 035 |
|
|
|a (uuid)c63e6149-9e44-4819-a266-74c54d804991
|
| 040 |
|
|
|a SNKBUCL
|b slo
|c SNKBUCL
|e AACR2
|
| 041 |
0 |
|
|a slo
|
| 044 |
|
|
|a xo
|c SK
|
| 080 |
|
|
|a 1 100.514
|2 1981
|
| 100 |
1 |
|
|a Potůček, Martin,
|d 1948-
|4 aut
|9 238291
|
| 245 |
1 |
0 |
|a Askéza, hedonizmus, a čo ďalej?
|c Martin Potůček
|
| 300 |
|
|
|b Lit. 12 zázn. v slov., češ.
|
| 650 |
0 |
7 |
|a socialistické a komunistické spoločnosti
|2 snkbucl
|9 162519
|
| 650 |
0 |
7 |
|a životný štýl
|2 snkbucl
|9 1704
|
| 655 |
|
7 |
|a články z novín a časopisov
|2 snkbucl
|9 267496
|
| 773 |
0 |
|
|t Slovenské pohľady
|g Roč. 105, č. 11 (1989), s. 124-129
|
| 850 |
|
|
|a Slovenská národná knižnica v Martine
|a MTA001
|
| 852 |
|
|
|a SNK
|b KIS3GCP
|
| 958 |
|
|
|a NB
|
| 958 |
|
|
|a RK
|
| 958 |
|
|
|a CZ
|
| 958 |
|
|
|a OND
|
| 958 |
|
|
|a EUIPO
|
| 958 |
|
|
|a article27
|
| 992 |
|
|
|a RBX
|
| 999 |
|
|
|c 2643373
|d 2645303
|